Music Quiz

Random Music or Lyrics Quiz

'Save me' by Queen Quiz Stats

 Plays Quiz not verified by Sporcle

Challenge
Share
Tweet
Embed
Score 0/165 Timer 10:00
0 Plays Today
Hint Answer % Correct
a
98.1%
I
98.1%
I
98.1%
I
98.1%
a
98.1%
a
98.1%
I
98.1%
Save
98.1%
me,
98.1%
save
98.1%
me,
98.1%
save
98.1%
me.
98.1%
I
98.1%
Save
98.1%
me,
98.1%
save
98.1%
me,
98.1%
I
98.1%
I
98.1%
a
98.1%
I
98.1%
I
98.1%
Save
98.1%
me,
98.1%
save
98.1%
me,
98.1%
save
98.1%
me.
98.1%
I
98.1%
Save
98.1%
me,
98.1%
save
98.1%
me,
98.1%
I
98.1%
I
98.1%
I
98.1%
life
96.2%
life
96.2%
you,
95.2%
you
95.2%
you
95.2%
we
94.2%
and
94.2%
and
94.2%
we
94.2%
can't
94.2%
this
94.2%
and
94.2%
and
94.2%
can't
94.2%
this
94.2%
and
94.2%
so
93.3%
love.
93.3%
Hint Answer % Correct
love
93.3%
love?
93.3%
love
93.3%
It
92.3%
The
92.3%
it
92.3%
The
92.3%
alone.
92.3%
The
92.3%
the
92.3%
it
92.3%
alone.
92.3%
the
92.3%
I'm
91.3%
I'm
91.3%
I'm
91.3%
I'm
91.3%
I'm
91.3%
from
90.4%
from
90.4%
my
89.4%
far
88.5%
home.
88.5%
far
88.5%
home.
88.5%
started
87.5%
made
87.5%
in
87.5%
of
87.5%
be
87.5%
no
87.5%
no
87.5%
pair.
86.5%
How
86.5%
loved
86.5%
how
86.5%
face
86.5%
face
86.5%
well.
85.6%
They
85.6%
said
85.6%
perfect
85.6%
your
85.6%
your
85.6%
oh...
85.6%
naked
85.6%
oh...
85.6%
naked
85.6%
off
83.7%
I'll
83.7%
I'll
83.7%
I'll
83.7%
die.
82.7%
start
82.7%
all
82.7%
Hint Answer % Correct
All
82.7%
die.
82.7%
but
80.8%
'till
80.8%
'till
80.8%
will
79.8%
to
79.8%
cried...
78.8%
nothing
78.8%
with
78.8%
have
78.8%
have
78.8%
new.
76.9%
lie.
76%
memories,
76%
somebody
76%
Was
76%
lie.
76%
glory
75%
years
75%
years
75%
soon
75%
again
75%
that
75%
myself
74%
care
73.1%
loyalty
73.1%
for
73.1%
heart,
73.1%
seems.
72.1%
cold
72.1%
were
71.2%
lived
71.2%
inside,
71.2%
slate
70.2%
erase
68.3%
sham
67.3%
clean,
67.3%
belie,
66.3%
head
66.3%
hang
65.4%
clothed
64.4%
advertise
60.6%
soul
59.6%
real
59.6%
night
58.7%
sale
56.7%
or
56.7%
Each
56.7%
cry,
56.7%
still
56.7%
believe
56.7%
wasted?
55.8%
rent.
54.8%
intent.
51%

You're not logged in!

Compare scores with friends on all Sporcle quizzes.
OR
Log In

You Might Also Like...

Show Comments

Extras

Created Jun 25, 2015ReportNominate
Tags:Lyrics Quiz, queen, save

Top Quizzes Today


Score Distribution

Your Account Isn't Verified!

In order to create a playlist on Sporcle, you need to verify the email address you used during registration. Go to your Sporcle Settings to finish the process.

Report this User

Report this user for behavior that violates our Community Guidelines.

Details: